Normal view
MARC view
- تاليف ابراهيم، ايوب، م.مشارك ابراهيم البصري
Entry Personal Name
001 - CONTROL NUMBER
- control field: 7742
003 - CONTROL NUMBER IDENTIFIER
- control field: JO-AjAnu
005 - DATE AND TIME OF LATEST TRANSACTION
- control field: 20230606071542.0
008 - FIXED-LENGTH DATA ELEMENTS
- fixed length control field: 230606|| aca||aabn | a|a d
040 ## - CATALOGING SOURCE
- Original cataloging agency: JO-AjAnu
- Transcribing agency: JO-AjAnu
100 ## - HEADING--PERSONAL NAME
- Personal name: تاليف ابراهيم، ايوب، م.مشارك ابراهيم البصري
670 ## - SOURCE DATA FOUND
- Source citation: Work cat.: (JO-AjAnu)4002: تاليف ابراهيم، ايوب، م.مشارك ابراهيم البصري, author, الاصابات المفصلية والعضلية في كرة القدم